000
00314nam a2200109Ia 4500
008
180305s9999 xx 000 0 und d
020
_a
9789712348730
100
_a
Melchor, Marciano B.
245
_c
Marciano B. Melchor
_a
Introduction to Biology
260
_a
Manila
_b
Rex Book Store
_c
2007
300
_a
iii, 152 Pages
999
_c
356059
_d
356059